1580 1437 1241 1889 1430 1738 1455 1139 1686 1752 1873 1911 1053 1842 1267 1962 1040 1758 1906 1216 1788 1790 1930 1729 1649 1557 1769 1837 1522 1734 1171 1637 1093 1493 1041 1333 1663 1072 1051 1208 1282 1222 1233 1873 1738 1545 1301 1120 1576 1393 1322 1447 1850 1578 1321 1602 1552 1654 1884 1541 1132 1531 1267 1829 1265 1461 1948 1572 1427 1698 1936 1351 1123 1272 1532 1630 1899 1098 1813 1009 1147 1665 1379 1892 1387 1555 1889 1811 1912 1020 1896 1107 1811 1960 1132 1700 1441 1375 1602 BCNSPRNW ULIB Ver.6.0+V

เปลี่ยนเป็นภาษาไทย

Change to English
 แสดงรายละเอียดบรรณานุกรม
  กลับหน้าหลัก

Brief Record : Get Marc (ISO 2709) : E-mail record : QR code < ปิดหน้าต่าง
LEADER : 00000nam 2200000uu 4500
001    13399128176
003     ULIB
008    220802s2564||||th 000 0 tha d
020 ^  ^a9786160041961
050 ^  ^aนว^bอ442ฤ
100 0  ^aอเวรี พาย.
245 1  ^aฤาฤทธิ์คล้องนาคา /^cAvery Pie.
250 ^  ^aพิมพ์ครั้งที่ 1.
260 ^  ^aปทุมธานี :^bDeep,^c2564.
300 ^  ^a468 หน้า ;^c21 ซม.
520 3  ^aครั้งหนึ่ง "ทัณฑ์เทวา" ครุฑาศึกได้รับการช่วยชีวิตจาก "พนาสิทธิ์" นาคหนุ่มผู้งดงาม ก่อเกิดเป็นความประทับใจและความรัก เขาเฝ้าคอยตามติดนาคด้วยความลุ่มหลงและคลั่งรักยากจะถอนใจ ทั้งสองต่างปกป้องกันและกัน ฝ่ายนาคหนุ่มถึงขั้นถอดเกล็ดมอบไว้รักษาแผลให้ผู้เป็นที่รัก ครุฑศึกถอนขนปีกเป็นสื่อแทนใจว่าอีกฝ่ายคือยอดดวงใจเช่นกัน แต่มีอุปสรรคจากพ่อครุฑผู้เป็นใหญ่ และสังวาลผู้เต็มไปด้วยบาดแผลแห่งความเคียดแค้นและเกลียดชัง อีกทั้ง "นรินทิพย์" พี่สาวของนาคหนุ่มก็ไม่เห็นด้วย ทัณฑ์เทวาโชคดีมี "เหมันต์" ศึกสหายสนิทคอยช่วยเหลือ แค่ลูกตื๊อของครุฑาศึกยังไม่เพียงพอ ด้วยบุญกรรมแต่ปางก่อน จะทำให้ความรักระหว่างทัณฑ์เทวากับพนาสิจน์สมหวังหรือไม่? ติดตามพร้อมกันได้แล้วในเล่ม!.
650 ^  ^aนวนิยายไทย.
945    ^p420^l0^i009267
999    ^aประนอม เกษจรัล
รายการนี้ยังไม่มีแท็ก
คุณยังไม่ได้ล็อกอิน คุณสามารถมีกิจกรรมร่วมกับเว็บไซต์ได้ แต่ต้องล็อกอินก่อน ::
  ล็อกอิน

รายการสื่อสารสนเทศ

ลำดับที่ ประเภท เลขเรียก/บาร์โค้ด สถานที่ สถานะ
1. นวนิยาย
นวนิยาย
นว อ442ฤ ฉ.1 
  Barcode: 009267
ห้องสมุดวิทยาเขตนครสวรรค์
►นวนิยาย:l:Fiction
ถูกยืม กำหนดส่งวันที่ 8 กรกฎาคม 2569
  จอง

รายการใกล้เคียง
    ผู้แต่ง [อเวรี พาย.]

    หัวเรื่อง [นวนิยายไทย.]

BibComment


ยังไม่เคยถูกคอมเมนท์

คอมเมนท์ทรัพยากรรายการนี้
  คอมเมนท์: ฤาฤทธิ์คล้องนาคา..


 Copyright 2026. Bcnsprnw @Library